|
|
|
|
| LEADER |
00000nas a22000007a 4500 |
| 001 |
ssj0001012364 |
| 003 |
WaSeSS |
| 005 |
20200512172242.0 |
| 006 |
m d |
| 007 |
cr n |
| 008 |
880303u1983uuuune uu m s 0 a0eng c |
| 010 |
|
|
|a sn 89010292
|
| 016 |
7 |
|
|a 009845286
|2 Uk
|
| 035 |
|
|
|a (WaSeSS)ssj0001012364
|
| 040 |
|
|
|a NDD
|b eng
|c NDD
|d NST
|d UKMGB
|d OG#
|d OCLCQ
|d OCLCO
|d OCLCF
|d WaSeSS
|
| 042 |
|
|
|a pcc
|
| 082 |
0 |
4 |
|a 020.6
|
| 245 |
0 |
0 |
|a IFLA professional reports
|h [electronic resource] /
|c International Federation of Library Associations and Institutions.
|
| 260 |
|
|
|a The Hague :
|b IFLA Headquarters,
|c 1985-
|
| 362 |
1 |
|
|a Began with no. 1 in 1983.
|
| 506 |
|
|
|a License restrictions may limit access.
|
| 588 |
|
|
|a Description based on: No. 4.
|
| 650 |
|
0 |
|a International librarianship
|v Periodicals.
|
| 650 |
|
7 |
|a International librarianship.
|2 fast
|0 (OCoLC)fst00977020
|
| 655 |
|
0 |
|a Electronic journals.
|
| 710 |
2 |
|
|a International Federation of Library Associations and Institutions.
|
| 850 |
|
|
|a NNC
|a NcD
|
| 856 |
4 |
0 |
|z Full text available from Research Library: 01/01/2007 to 01/31/2015
|u https://search.proquest.com/publication/55335
|